El Kitsch
Gespeichert in:
| Hauptverfasser: | , , , , |
|---|---|
| Weitere Verfasser: | |
| Format: | Buch |
| Sprache: | Spanisch |
| Veröffentlicht: |
Madrid
Casimiro Libros
2011
|
| Schlagworte: | |
| Tags: |
Tag hinzufügen
Keine Tags, Fügen Sie den ersten Tag hinzu!
|
MARC
| LEADER | 00000cam a2200000 a 4500 | ||
|---|---|---|---|
| 001 | UCF5721 | ||
| 003 | CL-VaPUC | ||
| 008 | 130322e20110000SP |||||||||||||||||spa|d | ||
| 020 | |a 9788493864125 | ||
| 082 | 0 | 4 | |a 709.0348 |b KUL |2 21 |
| 100 | 0 | |a Kulka, Tomas |e author |9 567693 | |
| 700 | |a Benjamin, Walter |d 1892-1940 |e author |9 269121 | ||
| 700 | 0 | |a Broch, Hermann |e author |9 428414 | |
| 700 | |a Elías, Norbert |d 1897-1990 |e author |9 471103 | ||
| 700 | |a Moles, Abraham A. |e autor |9 449377 | ||
| 700 | 0 | |a Calinescu, Matei |e author |9 567695 | |
| 245 | 1 | 3 | |a El Kitsch |
| 300 | |a 68 p | ||
| 942 | |c BK | ||
| 945 | |d 20130322 00:00:00 |a dcastane | ||
| 260 | |a Madrid |b Casimiro Libros |c 2011 | ||
| 650 | 0 | |a Artes |9 268202 | |
| 650 | 0 | |a Arte kitsch |9 268987 | |
| 650 | 0 | |a Antropología cultural y social |9 265143 | |
| 583 | |a last modification |c 20130322 12:27:00 |k Rodrigo Vera | ||
| 999 | |c 351162 |d 351160 | ||
| 952 | |0 0 |1 0 |4 0 |6 709_034800000000000_KUL_2011 |7 0 |8 A |9 455123 |a BIBART |b BIBART |d 2019-11-22 |i 4954858 |l 1 |o 709.0348 KUL 2011 |p 4954858 |r 2025-04-24 |s 2025-04-10 |w 2019-11-22 |y BK |k ART | ||